000 00800nam a2200241 i 4500
001 bg
100 1 _aJANIK, Wiesław
245 1 0 _aPodstawy controllingu /
_cWiesław Janik ; Politechnika Lubelska. Wydział Zarządzania i Podstaw Techniki. Katedra Organizacji Przedsiębiorstwa.
260 _aLublin :
_bWydawnictwa Uczelniane PL,
_c2003.
300 _a222 s. :
_brys., tab. ;
_c24 cm.
504 _aBibliogr. s. 217-222.
650 9 _aControlling
655 _aPodręczniki akademickie
710 0 _aPolitechnika Lubelska
_bWydział Zarządzania i Podstaw Techniki
015 _aPB 24028/2004
020 _a8389246074
040 _cBPK
041 0 _apol
080 _a658.1/.5.012.4:657](075.8)
920 _a83-89246-07-4
942 _cKS
008 s pl f |000 0 pol
999 _c46377
_d46377
856 _uhttp://koha.tu.koszalin.pl/cgi-bin/koha/opac-detail.pl?biblionumber=46377
_yKatalog online BPK